The wright 3 / (Record no. 4614)
[ view plain ]
| 000 -LEADER | |
|---|---|
| fixed length control field | 01067nam a22003017a 4500 |
| 001 - CONTROL NUMBER | |
| control field | 4614 |
| 003 - CONTROL NUMBER IDENTIFIER | |
| control field | FISKH |
| 005 - DATE AND TIME OF LATEST TRANSACTION | |
| control field | 20241024142923.0 |
| 008 - FIXED-LENGTH DATA ELEMENTS--GENERAL INFORMATION | |
| fixed length control field | 240918b cb ||||| |||| 00| 0 eng d |
| 020 ## - INTERNATIONAL STANDARD BOOK NUMBER | |
| International Standard Book Number | 9780439693684 |
| 040 ## - CATALOGING SOURCE | |
| Original cataloging agency | FISKH |
| Language of cataloging | eng |
| Transcribing agency | FISKH |
| Modifying agency | FISKh |
| 050 ## - LIBRARY OF CONGRESS CALL NUMBER | |
| Classification number | PZ7.B2128 |
| 082 ## - DEWEY DECIMAL CLASSIFICATION NUMBER | |
| Edition number | 813.6 |
| 100 ## - MAIN ENTRY--PERSONAL NAME | |
| Personal name | Balliett, Blue |
| Dates associated with a name | 1955- |
| 245 ## - TITLE STATEMENT | |
| Title | The wright 3 / |
| Statement of responsibility, etc. | By Blue Balliett illustrated by Brett Helquist |
| 250 ## - EDITION STATEMENT | |
| Edition statement | First paperback printing in 2007 |
| 260 ## - PUBLICATION, DISTRIBUTION, ETC. | |
| Place of publication, distribution, etc. | New York : |
| Name of publisher, distributor, etc. | Scholastic, |
| Date of publication, distribution, etc. | 2006. |
| 300 ## - PHYSICAL DESCRIPTION | |
| Extent | 314 pages : |
| Other physical details | illustrations ; |
| Dimensions | 20cm |
| 505 ## - FORMATTED CONTENTS NOTE | |
| Formatted contents note | W <br/><br/> |
| 520 ## - SUMMARY, ETC. | |
| Summary, etc. | In the midst of a series of unexplained accidents and mysterious coincidences, sixth-graders Calder, Petra, and Tommy lead their classmates in an attempt to keep Frank Lloyd Wright's famous Robie House from being demolished. |
| 521 8# - TARGET AUDIENCE NOTE | |
| Target audience note | 870 <br/> |
| Source | Lexile <br/> |
| 521 8# - TARGET AUDIENCE NOTE | |
| Target audience note | W <br/> |
| Source | Raz-Plus <br/> |
| 650 ## - SUBJECT ADDED ENTRY--TOPICAL TERM | |
| Source of heading or term | Friendship |
| Topical term or geographic name entry element | Architecture |
| Form subdivision | Fiction |
| 650 ## - SUBJECT ADDED ENTRY--TOPICAL TERM | |
| Source of heading or term | Middle grade |
| Topical term or geographic name entry element | Puzzles |
| 700 ## - ADDED ENTRY--PERSONAL NAME | |
| Personal name | Helquist, brett |
| Dates associated with a name | Illustrator |
| 942 ## - ADDED ENTRY ELEMENTS (KOHA) | |
| Source of classification or shelving scheme | Dewey Decimal Classification |
| Koha item type | Books |
| Suppress in OPAC | No |
| Withdrawn status | Lost status | Source of classification or shelving scheme | Damaged status | Not for loan | Collection | Home library | Current library | Shelving location | Date acquired | Total Checkouts | Full call number | Barcode | Date last seen | Copy number | Price effective from | Koha item type |
|---|---|---|---|---|---|---|---|---|---|---|---|---|---|---|---|---|
| Dewey Decimal Classification | Fiction | Footprints International School Library Network Toul Kork Campus | Footprints International School Library Network Toul Kork Campus | TTP Secondary Fiction Bookshelves | 09/18/2024 | BAL 813.6 PZ7.B2128 | 2024-2004 | 09/18/2024 | 1 | 09/18/2024 | Books | |||||
| Dewey Decimal Classification | Fiction | Footprints International School Library Network Toul Kork Campus | Footprints International School Library Network Toul Kork Campus | TTP Secondary Fiction Bookshelves | 09/18/2024 | BAL 813.6 PZ7.B2128 | 2024-2017 | 09/18/2024 | 2 | 09/18/2024 | Books |
